[Event "Landesklasse West 2014/2015"]
[Site "?"]
[Date "2014.11.23"]
[Round "4"]
[White "Trapp, Werner"]
[Black "Müller, Bernd"]
[Result "0-1"]
[WhiteElo "1386"]
[BlackElo "1702"]
[PlyCount "120"]
[EventDate "2014.??.??"]

1. d4 f5 2. c4 Nf6 3. Nc3 e6 4. e3 Be7 5. g3 O-O 6. Bg2 c6 7. Nge2 d5 8. b3 Ne4
9. O-O Nd7 10. c5 b6 11. b4 Ba6 12. Re1 Ndf6 13. Nxe4 fxe4 14. Nf4 Bc8 15. Qc2
bxc5 16. bxc5 g5 17. Ne2 Ng4 18. Rf1 Ba6 19. f3 Bd3 20. Qd1 Nh6 21. fxe4 Rxf1+
22. Qxf1 dxe4 23. Qd1 Qf8 24. Nc3 Qf5 25. a3 Rf8 26. Ra2 Bd8 27. Rb2 Ba5 28.
Na2 Ng4 29. Nb4 Nf2 30. Qe1 Nh3+ 31. Bxh3 Qxh3 32. Rf2 Rf3 33. Kh1 Rxg3 34.
Rf8+ Kxf8 35. Qxg3 Qxg3 36. hxg3 Bb5 37. Kg2 Ke7 38. Bd2 Bc7 39. Be1 g4 40. Na2
Kf6 41. Nc3 Bd3 42. Nd1 h5 43. Nf2 Bb1 44. Nd1 e5 45. Bf2 Bc2 46. Nc3 Ba5 47.
Na2 Bd2 48. Nb4 Ba4 49. d5 Bxb4 50. axb4 cxd5 51. Kf1 Ke6 52. Ke1 Kd7 53. Kf1
Kc6 54. Be1 d4 55. exd4 exd4 56. Ke2 Kd5 57. Kf2 Kc4 58. Ke2 Bb5 59. Kd1 Kd3
60. Kc1 Ke2 0-1

[Event "Landesklasse West 2014/2015"]
[Site "?"]
[Date "2014.11.23"]
[Round "4"]
[White "Fuhrmann, Christian"]
[Black "Schmidt, Frank"]
[Result "1-0"]
[WhiteElo "1766"]
[BlackElo "1115"]
[PlyCount "59"]
[EventDate "2014.??.??"]

1. d4 Nf6 2. c4 d5 3. Nc3 e6 4. Nf3 Ne4 5. e3 Nc6 6. Bd3 f5 7. O-O Bb4 8. Ne2
Bd6 9. a3 O-O 10. b4 Be7 11. Bb2 b6 12. Rc1 Bb7 13. Nf4 Qd7 14. cxd5 exd5 15.
Nxd5 Rac8 16. Bb5 a6 17. Nxe7+ Qxe7 18. Bxc6 Bxc6 19. Rxc6 Nd6 20. Qc2 Rf7 21.
Rc1 Ne8 22. Ne5 Rf6 23. Rxf6 Qxf6 24. Qc4+ Kh8 25. Nf7+ Kg8 26. Nd6+ Kh8 27.
Nxc8 Nd6 28. Nxd6 Qxd6 29. Qxc7 Qxc7 30. Rxc7 1-0

[Event "Landesklasse West 2014/2015"]
[Site "?"]
[Date "2014.11.23"]
[Round "4"]
[White "Kuntze, Andreas"]
[Black "Klingler, Lutz"]
[Result "1-0"]
[WhiteElo "1996"]
[BlackElo "1945"]
[PlyCount "49"]
[EventDate "2014.??.??"]
[WhiteTeam "Schachclub Rochade Leinefelde"]
[BlackTeam "SV Schmalkalden 04"]

1. e4 c6 2. Ne2 d5 3. e5 Bf5 4. Ng3 Bg6 5. h4 h6 6. h5 Bh7 7. e6 fxe6 8. d4 Qb6
9. Bd3 Bxd3 10. Qxd3 Nf6 11. O-O Na6 12. Qg6+ Kd7 13. c3 Nc7 14. Nd2 Rd8 15.
Nf3 Kc8 16. Ne5 Rg8 17. a4 Nce8 18. a5 Qc7 19. Bf4 Nd6 20. Rfe1 Kb8 21. Nf7 Rc8
22. Rxe6 Nfe8 23. Nxh6 Rh8 24. Nf7 Rg8 25. h6 1-0

[Event "Landesklasse West 2014/2015"]
[Site "?"]
[Date "2014.11.23"]
[Round "4"]
[White "Lesser, Thomas"]
[Black "Kachel, Alfred"]
[Result "1/2-1/2"]
[WhiteElo "1857"]
[BlackElo "1951"]
[PlyCount "82"]
[EventDate "2014.??.??"]
[WhiteTeam "SV Schmalkalden 04"]
[BlackTeam "Schachclub Rochade Leinefelde"]

1. e4 c6 2. d4 g6 3. Nf3 Bg7 4. Bd3 d5 5. e5 Bg4 6. h3 Bxf3 7. Qxf3 e6 8. c3
Nd7 9. O-O Ne7 10. Qe2 Qc7 11. Be3 O-O-O 12. b4 Nf5 13. a4 f6 14. exf6 Bxf6 15.
Nd2 Nxe3 16. fxe3 e5 17. Qg4 e4 18. Be2 Rdf8 19. Qf4 Qd8 20. Qh2 Bg5 21. Nb3
Bxe3+ 22. Kh1 h5 23. b5 Qc7 24. Qxc7+ Kxc7 25. g3 Rxf1+ 26. Rxf1 Rf8 27. Kg2
Rxf1 28. Kxf1 Nb6 29. a5 Na4 30. c4 Nc3 31. cxd5 cxd5 32. Ke1 b6 33. a6 Kd6 34.
Bf1 Bg5 35. Be2 Nxe2 36. Kxe2 h4 37. g4 Bh6 38. Na1 Bf4 39. Nc2 Bc1 40. Nb4 Bb2
41. Ke3 Bc1+ 1/2-1/2

[Event "Landesklasse West 2014/2015"]
[Site "?"]
[Date "2014.11.23"]
[Round "4"]
[White "Frank, Thomas"]
[Black "Bamberg, Alexander"]
[Result "1/2-1/2"]
[WhiteElo "1922"]
[BlackElo "1851"]
[PlyCount "33"]
[EventDate "2014.??.??"]
[WhiteTeam "Schachclub Rochade Leinefelde"]
[BlackTeam "SV Schmalkalden 04"]

1. d4 d5 2. c4 c6 3. Nc3 e6 4. e4 dxe4 5. Nxe4 Nf6 6. Nxf6+ Qxf6 7. Nf3 Bb4+ 8.
Bd2 Bxd2+ 9. Qxd2 O-O 10. Be2 Nd7 11. O-O e5 12. dxe5 Nxe5 13. Nxe5 Qxe5 14.
Rfe1 Qc7 15. Bf3 Be6 16. b3 Rad8 17. Qe2 1/2-1/2

[Event "Landesklasse West 2014/2015"]
[Site "?"]
[Date "2014.11.23"]
[Round "4"]
[White "Pfitzenreuter, Gerald"]
[Black "Burkhardt, Christian"]
[Result "1/2-1/2"]
[WhiteElo "1863"]
[BlackElo "1667"]
[PlyCount "56"]
[EventDate "2014.??.??"]
[WhiteTeam "Schachclub Rochade Leinefelde"]
[BlackTeam "SV Schmalkalden 04"]

1. d4 d5 2. Nf3 Nf6 3. c4 e6 4. Nc3 c6 5. Bg5 Be7 6. e3 Nbd7 7. cxd5 exd5 8.
Bd3 O-O 9. Qc2 Re8 10. O-O h6 11. Bf4 Nh5 12. Nxd5 Nxf4 13. Nxf4 Bd6 14. Ne2
Nf8 15. h3 Be6 16. Bc4 Bxc4 17. Qxc4 Qf6 18. Nc3 Nd7 19. Rfe1 Qg6 20. Rad1 Re6
21. e4 Rf6 22. Qd3 Re6 23. e5 Qxd3 24. Rxd3 Bc7 25. Ne4 Rae8 26. Rb3 b6 27. Rc1
Bb8 28. Kf1 f6 1/2-1/2

[Event "Landesklasse West 2014/2015"]
[Site "?"]
[Date "2014.11.23"]
[Round "4"]
[White "Klein, Matthias"]
[Black "Seeboth, Paul"]
[Result "0-1"]
[WhiteElo "1753"]
[BlackElo "1819"]
[PlyCount "78"]
[EventDate "2014.??.??"]
[WhiteTeam "SV Schmalkalden 04"]
[BlackTeam "Schachclub Rochade Leinefelde"]

1. Nf3 d5 2. g3 c5 3. Bg2 Nc6 4. d4 Bg4 5. O-O e6 6. dxc5 Bxc5 7. c3 Nge7 8.
Qa4 Bh5 9. Nbd2 a6 10. Nb3 Bd6 11. Nbd4 b5 12. Qd1 O-O 13. Bg5 Qb6 14. Qd2 Rac8
15. Rfe1 Na5 16. b3 b4 17. Bxe7 Bxe7 18. cxb4 Bxb4 19. Qg5 Bxf3 20. Nxf3 Bxe1
21. Rxe1 Qb4 22. h4 Rc2 23. h5 h6 24. Qe3 Rfc8 25. Qa7 Nc6 26. Qd7 Ne5 27. Nxe5
Qxe1+ 28. Kh2 R2c7 29. Qd6 Qxe2 30. Bf3 Qxf2+ 31. Kh3 a5 32. a3 Qc5 33. Qa6
Qxa3 34. Bg4 Qa1 35. Bxe6 Qh1+ 36. Kg4 Qe4+ 37. Kh3 Qxe5 38. Bxc8 Qxh5+ 39. Kg2
Rc2+ 0-1

[Event "Landesklasse West 2014/2015"]
[Site "?"]
[Date "2014.11.23"]
[Round "4"]
[White "Löffelholz, Christian"]
[Black "Weigend, Joachim"]
[Result "1/2-1/2"]
[WhiteElo "1677"]
[BlackElo "1784"]
[PlyCount "41"]
[EventDate "2014.??.??"]
[WhiteTeam "Schachclub Rochade Leinefelde"]
[BlackTeam "SV Schmalkalden 04"]

1. e4 c5 2. Nf3 a6 3. d4 cxd4 4. Nxd4 Nf6 5. Nc3 e5 6. Nf3 Bb4 7. Bd3 d5 8. Nd2
Bxc3 9. bxc3 dxe4 10. Nxe4 Nxe4 11. Bxe4 Qxd1+ 12. Kxd1 Nd7 13. Ba3 Nf6 14. Re1
Nxe4 15. Rxe4 f6 16. Rc4 Be6 17. Rc7 Rd8+ 18. Ke2 Rd7 19. Rc8+ Rd8 20. Rc7 Rd7
21. Rc8+ 1/2-1/2

[Event "Landesklasse West 2014/2015"]
[Site "?"]
[Date "2014.11.23"]
[Round "4"]
[White "Röder, Detlef"]
[Black "Stöber, Guido"]
[Result "1-0"]
[WhiteElo "1610"]
[BlackElo "1412"]
[PlyCount "73"]
[EventDate "2014.??.??"]
[WhiteTeam "SV Schmalkalden 04"]
[BlackTeam "Schachclub Rochade Leinefelde"]

1. e4 e5 2. Nf3 Nc6 3. Bc4 Bc5 4. b4 Bxb4 5. c3 Bc5 6. d4 exd4 7. cxd4 Bb4+ 8.
Kf1 Qe7 9. a3 Ba5 10. Qd3 d6 11. Bb2 f6 12. Bxg8 Rxg8 13. d5 Ne5 14. Nxe5 fxe5
15. Qb5+ Bd7 16. Qxa5 Qh4 17. Qe1 Bb5+ 18. Kg1 Rf8 19. Nc3 Bd7 20. Qe3 Rf6 21.
Qg3 Qf4 22. Qxf4 Rxf4 23. f3 h6 24. Bc1 Rf7 25. Kf2 O-O-O 26. Rf1 Rdf8 27. Kg1
Rf6 28. Ra2 g5 29. Raf2 a6 30. Be3 b5 31. Rc1 g4 32. fxg4 Bxg4 33. Rxf6 Rxf6
34. h3 Bd7 35. Ne2 Rg6 36. Kh2 Rf6 37. Bb6 1-0

[Event "Landesklasse West 2014/2015"]
[Site "?"]
[Date "2014.11.23"]
[Round "4"]
[White "Hübschmann, Holger"]
[Black "Minor, Viatcheslav"]
[Result "1-0"]
[WhiteElo "1879"]
[BlackElo "2052"]
[PlyCount "63"]
[EventDate "2014.??.??"]

1. Nf3 d6 2. d4 h6 3. c3 g5 4. h3 Bg7 5. e4 Nc6 6. Be3 e5 7. Bc4 Nge7 8. dxe5
Nxe5 9. Nxe5 Bxe5 10. Qb3 O-O 11. h4 Ng6 12. hxg5 hxg5 13. g3 Bg4 14. Nd2 Qf6
15. Be2 Be6 16. Qc2 Kg7 17. Nf3 Rh8 18. Rxh8 Nxh8 19. Nxg5 Ng6 20. Qd2 Rh8 21.
O-O-O Bxa2 22. f4 Rh2 23. Nf3 Rxe2 24. Qxe2 Bxc3 25. e5 Bxe5 26. fxe5 Nxe5 27.
Nxe5 dxe5 28. Qg4+ Kf8 29. Qd7 Qf3 30. Qd8+ Kg7 31. Qg5+ Kh7 32. Qh6+ 1-0

[Event "Landesklasse West 2014/2015"]
[Site "?"]
[Date "2014.11.23"]
[Round "4"]
[White "Neef, Michael"]
[Black "Essegern, Uwe"]
[Result "1/2-1/2"]
[WhiteElo "1893"]
[BlackElo "1860"]
[PlyCount "46"]
[EventDate "2014.??.??"]

1. d4 c5 2. c3 b6 3. Bf4 Bb7 4. e3 Nf6 5. h3 g6 6. Nd2 Bg7 7. Ngf3 O-O 8. Be2
d6 9. O-O Nbd7 10. Rc1 Re8 11. Qb3 h6 12. Bd3 e5 13. Bxg6 Bd5 14. c4 exf4 15.
cxd5 fxg6 16. exf4 cxd4 17. Nxd4 Nc5 18. Qc4 a5 19. Rfe1 Qd7 20. b3 Rac8 21.
Rxe8+ Rxe8 22. Qb5 Qxb5 23. Nxb5 Nxd5 1/2-1/2

[Event "Landesklasse West 2014/2015"]
[Site "?"]
[Date "2014.11.23"]
[Round "4"]
[White "Königsdörfer, Gerhard"]
[Black "Roth, Ralf"]
[Result "1-0"]
[WhiteElo "1886"]
[BlackElo "1797"]
[PlyCount "41"]
[EventDate "2014.??.??"]

1. e4 d6 2. d4 Nf6 3. Nc3 g6 4. f4 Bg7 5. Nf3 O-O 6. Bd3 c6 7. e5 Nfd7 8. Qe2
e6 9. Be3 f5 10. h4 h5 11. Ng5 Nb6 12. g4 hxg4 13. h5 Bh6 14. hxg6 Bxg5 15.
fxg5 Qe8 16. Rh6 Qe7 17. Rh7 Qe8 18. Rh6 Qe7 19. O-O-O dxe5 20. Qh2 Qg7 21. Rh1
1-0

[Event "Landesklasse West 2014/2015"]
[Site "?"]
[Date "2014.11.23"]
[Round "4"]
[White "Feldmann, Bernd"]
[Black "Hilbert, Stephan-Jörg"]
[Result "1/2-1/2"]
[WhiteElo "1828"]
[BlackElo "1698"]
[PlyCount "50"]
[EventDate "2014.??.??"]

1. d4 b5 2. e4 Bb7 3. Bd3 Nf6 4. Qe2 c5 5. dxc5 a6 6. Bf4 Nc6 7. Nf3 g6 8. Nbd2
Bg7 9. c3 b4 10. Nc4 bxc3 11. bxc3 Nh5 12. Bd2 Nf4 13. Qf1 Nb4 14. Bxf4 Bxc3+
15. Ke2 Nxd3 16. Kxd3 Bxa1 17. Qxa1 O-O 18. Bh6 f6 19. Bxf8 Kxf8 20. Qd4 Qc7
21. Rb1 Rd8 22. Ke3 Bc6 23. g4 g5 24. h4 Qf4+ 25. Ke2 Bxe4 1/2-1/2

[Event "Landesklasse West 2014/2015"]
[Site "?"]
[Date "2014.11.23"]
[Round "4"]
[White "Graupner, Markus"]
[Black "Kunze, Heinz"]
[Result "1/2-1/2"]
[WhiteElo "1692"]
[BlackElo "1667"]
[PlyCount "31"]
[EventDate "2014.??.??"]

1. Nf3 Nf6 2. c4 d6 3. d4 g6 4. e3 Bg7 5. Be2 O-O 6. O-O Nbd7 7. Nc3 e5 8. dxe5
dxe5 9. Qc2 c6 10. Rd1 Qe7 11. Rb1 Nb6 12. e4 Bg4 13. b3 Rad8 14. Be3 Rxd1+ 15.
Rxd1 Nfd7 16. a4 1/2-1/2

[Event "Landesklasse West 2014/2015"]
[Site "?"]
[Date "2014.11.23"]
[Round "4"]
[White "Wiefel, Erik"]
[Black "Anschütz, Bernd"]
[Result "0-1"]
[WhiteElo "1735"]
[BlackElo "1725"]
[PlyCount "122"]
[EventDate "2014.??.??"]

1. e4 c5 2. Nf3 a6 3. c4 d6 4. Nc3 g6 5. d4 cxd4 6. Nxd4 Bg7 7. Be3 Bd7 8. Be2
Nc6 9. O-O Nf6 10. Qd2 O-O 11. Rfd1 Ne5 12. h3 Rc8 13. b3 Nc6 14. Rac1 Qa5 15.
Nxc6 Bxc6 16. Nd5 Qd8 17. f3 Bxd5 18. cxd5 Qd7 19. Bb6 Rxc1 20. Rxc1 Rc8 21.
Rc2 Ne8 22. Qc1 Rxc2 23. Qxc2 h5 24. a4 e6 25. dxe6 Qxe6 26. Bc4 d5 27. Bxd5
Qxb6+ 28. Kf1 Nd6 29. Qd3 Qd4 30. Qxd4 Bxd4 31. Ke2 a5 32. Kd3 Be5 33. Ke3 b6
34. f4 Bc3 35. g4 h4 36. e5 Nc8 37. Kd3 Ne7 38. Be4 Bb4 39. Ke2 Kf8 40. Kd3 Bc5
41. Ke2 Kg7 42. f5 f6 43. e6 gxf5 44. gxf5 Kh6 45. Kd3 Kg5 46. Kc4 Kf4 47. Bd3
Kg3 48. Kb5 Kxh3 49. Ka6 Kg4 50. Be4 h3 51. Kb7 h2 52. Kc7 Kf4 53. Bh1 Kxf5 54.
Kd7 Kf4 55. Ke8 f5 56. Kf7 Kg3 57. Kf6 Kf2 58. Kg5 Kg1 59. Bb7 h1=Q 60. Bxh1
Kxh1 61. Kf4 Kg2 0-1

[Event "Landesklasse West 2014/2015"]
[Site "?"]
[Date "2014.11.23"]
[Round "4"]
[White "Ulbricht, Olaf"]
[Black "Mäurer, Michael"]
[Result "1/2-1/2"]
[WhiteElo "1608"]
[BlackElo "1576"]
[PlyCount "31"]
[EventDate "2014.??.??"]

1. e4 d5 2. exd5 Qxd5 3. Nc3 Qd6 4. Bc4 Nf6 5. h3 c6 6. b3 Be6 7. Qe2 Bxc4 8.
Qxc4 e6 9. Bb2 Qb4 10. Qxb4 Bxb4 11. f3 O-O 12. O-O-O Nbd7 13. Nge2 a5 14. Ng3
b5 15. Nge4 Be7 16. Rhe1 1/2-1/2

[Event "Landesklasse West 2014/2015"]
[Site "?"]
[Date "2014.11.23"]
[Round "4"]
[White "Klaus, Christian"]
[Black "Krüger, Karsten"]
[Result "1-0"]
[WhiteElo "1987"]
[BlackElo "1254"]
[PlyCount "57"]
[EventDate "2014.??.??"]

1. e4 e5 2. Nc3 d6 3. g3 Nf6 4. Bg2 Nc6 5. Nge2 Be7 6. O-O O-O 7. d3 Bg4 8. h3
Bh5 9. g4 Bg6 10. f4 exf4 11. Nxf4 Rb8 12. d4 Qe8 13. g5 Nd7 14. Ncd5 Qd8 15.
h4 f6 16. Ne6 Qc8 17. Nxf8 Nxf8 18. b4 b5 19. gxf6 gxf6 20. Qf3 Qd8 21. c3 Nd7
22. Qg4 Kh8 23. Bh3 Qg8 24. Kh2 Nb6 25. h5 Nxd5 26. exd5 Qxd5 27. hxg6 Rg8 28.
Qf3 Qxf3 29. g7+ 1-0

[Event "Landesklasse West 2014/2015"]
[Site "?"]
[Date "2014.11.23"]
[Round "4"]
[White "Latussek, Paul"]
[Black "Petiko, Nikolai"]
[Result "0-1"]
[WhiteElo "1446"]
[BlackElo "1956"]
[PlyCount "46"]
[EventDate "2014.??.??"]

1. f4 d5 2. e3 Nf6 3. Nf3 Bf5 4. Be2 e6 5. O-O Nbd7 6. Nh4 h6 7. Nxf5 exf5 8.
c4 c6 9. Nc3 Nb6 10. cxd5 Nbxd5 11. Bf3 Be7 12. Qb3 Nb6 13. Rd1 O-O 14. Qc2 Qd7
15. b3 Rfd8 16. d4 Qe6 17. Qe2 Bb4 18. Bb2 Re8 19. Kf2 Re7 20. Rac1 Rae8 21. a3
Bxc3 22. Rxc3 Nfd5 23. Rcd3 Nxf4 0-1

[Event "Landesklasse West 2014/2015"]
[Site "?"]
[Date "2014.11.23"]
[Round "4"]
[White "Hellrung, Bernhard"]
[Black "Löhn, Marko"]
[Result "1/2-1/2"]
[WhiteElo "1867"]
[BlackElo "1553"]
[PlyCount "54"]
[EventDate "2014.??.??"]

1. e4 c5 2. c3 d6 3. d4 cxd4 4. cxd4 g6 5. Nc3 Bg7 6. h3 Nc6 7. Nf3 Nf6 8. Be3
O-O 9. Be2 a6 10. a4 b6 11. O-O Bb7 12. d5 Na7 13. Qb3 Nd7 14. Rfd1 Nc8 15. Bd4
Na7 16. Bxg7 Kxg7 17. Qc4 a5 18. Qd4+ Kg8 19. Qe3 Kg7 20. Nd4 Nc5 21. f4 e5 22.
dxe6 fxe6 23. Bg4 Qe7 24. e5 d5 25. Ndb5 Nxb5 26. Nxb5 Bc6 27. Nc3 Rad8 1/2-1/2

[Event "Landesklasse West 2014/2015"]
[Site "?"]
[Date "2014.11.23"]
[Round "4"]
[White "Handschuh, Franz"]
[Black "Bötticher, Heinz-Wilfried"]
[Result "1-0"]
[WhiteElo "1860"]
[BlackElo "1825"]
[PlyCount "75"]
[EventDate "2014.??.??"]

1. d4 d5 2. e3 e6 3. Bd3 c5 4. c3 Nc6 5. f4 Nf6 6. Nf3 Bd6 7. O-O Qc7 8. Ne5 b6
9. Nd2 Bb7 10. Qf3 g6 11. Qh3 O-O-O 12. Ndf3 Kb8 13. Nxc6+ Bxc6 14. Ne5 Ne4 15.
Nxc6+ Qxc6 16. Qf3 f5 17. a4 g5 18. Qe2 c4 19. Bxe4 dxe4 20. Bd2 Rhg8 21. b4
Rd7 22. b5 Qc7 23. g3 Rdg7 24. Kh1 Rc8 25. Ra2 a5 26. bxa6 Qa7 27. Rb1 Qxa6 28.
Bc1 Rc6 29. Ba3 Bxa3 30. Rxa3 g4 31. Qb2 Rb7 32. Qb4 Ka7 33. Qb5 Rcc7 34. Qe5
Re7 35. Rb5 Ka8 36. Qd6 Ka7 37. a5 Ka8 38. axb6 1-0

[Event "Landesklasse West 2014/2015"]
[Site "?"]
[Date "2014.11.23"]
[Round "4"]
[White "Gast, Rainer"]
[Black "Brehme, Stefan"]
[Result "1/2-1/2"]
[WhiteElo "1829"]
[BlackElo "1806"]
[PlyCount "180"]
[EventDate "2014.??.??"]

1. d4 d5 2. c4 e6 3. Nc3 Nf6 4. Bg5 Be7 5. e3 O-O 6. Nf3 b6 7. cxd5 exd5 8. Bd3
Bb7 9. Qc2 h6 10. Bf4 a6 11. h3 Nbd7 12. O-O Re8 13. Rfd1 Nf8 14. Ne5 Bd6 15.
Rac1 c5 16. b3 cxd4 17. exd4 Ne6 18. Nxf7 Kxf7 19. Bg6+ Kg8 20. Bxd6 Qxd6 21.
Bxe8 Rxe8 22. Qd2 Ne4 23. Qe3 Rf8 24. Nxe4 dxe4 25. d5 Nc5 26. Rc2 a5 27. a3
Bxd5 28. Rcd2 Nd3 29. f3 Qg3 30. Qd4 Bxb3 31. Rb1 Nc5 32. fxe4 Qf4 33. e5 Qxd4+
34. Rxd4 Re8 35. Re1 Be6 36. Rb1 Nd7 37. Rd6 Kf7 38. Rc1 Ke7 39. Rcc6 Kf7 40.
Rc7 Rb8 41. Rcc6 Nxe5 42. Rxb6 Rxb6 43. Rxb6 Nc4 44. Rb7+ Kf6 45. a4 h5 46. Rc7
g6 47. Kf2 Ke5 48. g4 Kd6 49. Rg7 hxg4 50. hxg4 Ne5 51. Ra7 Nc6 52. Rg7 Ne7 53.
g5 Bb3 54. Ke2 Bxa4 55. Rf7 Bb3 56. Rf6+ Be6 57. Kd2 Ke5 58. Kc1 a4 59. Kb2 Bb3
60. Ka3 Bc2 61. Kb2 Nd5 62. Ra6 Kf4 63. Rc6 Ne3 64. Re6 Bf5 65. Ra6 a3+ 66.
Kxa3 Kxg5 67. Kb3 Kf4 68. Rxg6 Bxg6 69. Kc3 Ke4 70. Kb4 Kd5 71. Kc3 Nc4 72. Kb3
Kd4 73. Kb4 Bc2 74. Kb5 Ne5 75. Kb6 Kd5 76. Kc7 Bg6 77. Kb6 Kc4 78. Ka5 Bc2 79.
Kb6 Kd5 80. Kb5 Nc6 81. Kb6 Nd4 82. Kc7 Ke6 83. Kd8 Bg6 84. Kc7 Bh5 85. Kb6 Kd6
86. Ka5 Kc5 87. Ka4 Kc4 88. Ka3 Kc3 89. Ka4 Bg4 90. Ka5 Kc4 1/2-1/2

[Event "Landesklasse West 2014/2015"]
[Site "?"]
[Date "2014.11.23"]
[Round "4"]
[White "Mages, Horst"]
[Black "Vergin, Marcel"]
[Result "0-1"]
[WhiteElo "1700"]
[BlackElo "1793"]
[PlyCount "56"]
[EventDate "2014.??.??"]

1. d4 Nf6 2. Nf3 d6 3. g3 Nbd7 4. Bg2 e5 5. dxe5 dxe5 6. O-O Be7 7. c4 O-O 8.
Nc3 c6 9. Qc2 Qc7 10. Rd1 a5 11. a4 Nc5 12. Bg5 Bg4 13. Bxf6 Bxf6 14. Ne4 Nxe4
15. Qxe4 Bh5 16. c5 Bg6 17. Qe3 Rfd8 18. Qb3 Qe7 19. Rxd8+ Rxd8 20. Qb6 e4 21.
Ne1 e3 22. f4 h6 23. Qxa5 Bxb2 24. Ra2 Bf6 25. Qb4 Rd1 26. Bf1 Rc1 27. Nd3 Bxd3
28. exd3 e2 0-1

[Event "Landesklasse West 2014/2015"]
[Site "?"]
[Date "2014.11.23"]
[Round "4"]
[White "Leibeling, Lucian"]
[Black "Licht, Ralph"]
[Result "1-0"]
[WhiteElo "1850"]
[BlackElo "1667"]
[PlyCount "105"]
[EventDate "2014.??.??"]

1. c4 Nf6 2. Nc3 e6 3. g3 Nc6 4. Bg2 Be7 5. Nf3 O-O 6. O-O b6 7. d4 Bb7 8. e4
d6 9. b3 e5 10. d5 Nb8 11. h3 Ne8 12. Nh2 Nd7 13. Qe2 Bc8 14. Ng4 Nc5 15. f4 f5
16. exf5 exf4 17. Bxf4 Bxf5 18. Ne4 Bxe4 19. Bxe4 Nxe4 20. Qxe4 Nf6 21. Qe6+
Kh8 22. Bg5 Re8 23. Nxf6 Bxf6 24. Bxf6 gxf6 25. Qxf6+ Qxf6 26. Rxf6 Kg7 27.
Raf1 Re7 28. R1f2 Rae8 29. Kg2 a6 30. R6f3 a5 31. g4 Kg8 32. Kg3 Re4 33. Rf7
R4e7 34. Rxe7 Rxe7 35. a4 Re5 36. Rf5 Re3+ 37. Rf3 Re5 38. h4 Kg7 39. Kf4 Re7
40. Re3 Rf7+ 41. Kg3 Rd7 42. g5 Kf7 43. Kg4 c6 44. dxc6 Rc7 45. Kf5 Rxc6 46.
Rd3 Rc5+ 47. Rd5 Rc6 48. h5 Ke7 49. g6 hxg6+ 50. hxg6 Rc7 51. g7 Kf7 52. Rxd6
Kxg7 53. Rxb6 1-0

[Event "Landesklasse West 2014/2015"]
[Site "?"]
[Date "2014.11.23"]
[Round "4"]
[White "Schenk, Michael"]
[Black "Gast, Benedikt"]
[Result "0-1"]
[WhiteElo "1500"]
[BlackElo "1498"]
[PlyCount "38"]
[EventDate "2014.??.??"]

1. d4 Nf6 2. c4 d6 3. Nc3 Nbd7 4. Nf3 e5 5. e3 c6 6. dxe5 dxe5 7. e4 Bb4 8. Bg5
Bxc3+ 9. bxc3 Qa5 10. Be2 Nxe4 11. Bd2 O-O 12. O-O Nxc3 13. Qe1 Nxe2+ 14. Qxe2
Qc7 15. Bc3 f6 16. Nd2 Rd8 17. Qe3 Qb6 18. Qg3 Nc5 19. Nf3 Ne4 0-1

[Event "Landesklasse West 2014/2015"]
[Site "?"]
[Date "2014.12.21"]
[Round "5"]
[White "Klingler, Lutz"]
[Black "Essegern, Kurt"]
[Result "1/2-1/2"]
[WhiteElo "1945"]
[BlackElo "1977"]
[PlyCount "25"]
[EventDate "2014.??.??"]
[WhiteTeam "SV Schmalkalden 04"]
[BlackTeam "Randspringer Bad Salzungen"]

1. f4 d5 2. Nf3 Nf6 3. e3 g6 4. b4 Bg7 5. Bb2 O-O 6. Be2 a5 7. b5 c5 8. O-O Qb6
9. a4 Ne4 10. Bxg7 Kxg7 11. c4 Qf6 12. Na3 e6 13. Qc2 1/2-1/2

[Event "Landesklasse West 2014/2015"]
[Site "?"]
[Date "2014.12.21"]
[Round "5"]
[White "Hübschmann, Holger"]
[Black "Lesser, Thomas"]
[Result "1/2-1/2"]
[WhiteElo "1879"]
[BlackElo "1857"]
[PlyCount "35"]
[EventDate "2014.??.??"]
[WhiteTeam "Randspringer Bad Salzungen"]
[BlackTeam "SV Schmalkalden 04"]

1. Nf3 d5 2. c3 Nf6 3. d4 c6 4. g3 Bf5 5. Bg2 Qc8 6. h3 h6 7. Bf4 Nbd7 8. Nbd2
g5 9. Be5 Bg7 10. Rc1 O-O 11. c4 dxc4 12. Nxc4 Nxe5 13. Nfxe5 Rd8 14. e3 Qe6
15. Qb3 Rab8 16. Na5 Qxb3 17. Nxb3 Ne4 18. g4 1/2-1/2

[Event "Landesklasse West 2014/2015"]
[Site "?"]
[Date "2014.12.21"]
[Round "5"]
[White "Bamberg, Alexander"]
[Black "Essegern, Uwe"]
[Result "1/2-1/2"]
[WhiteElo "1851"]
[BlackElo "1860"]
[PlyCount "33"]
[EventDate "2014.??.??"]
[WhiteTeam "SV Schmalkalden 04"]
[BlackTeam "Randspringer Bad Salzungen"]

1. e4 c5 2. Nf3 Nc6 3. d4 cxd4 4. Nxd4 e5 5. Nb5 d6 6. N1c3 a6 7. Na3 Be7 8.
Nd5 Nf6 9. Nxf6+ Bxf6 10. Nc4 O-O 11. Qxd6 Qxd6 12. Nxd6 Nb4 13. Bd3 Rd8 14.
Nxc8 Raxc8 15. O-O Nxc2 16. Bxc2 Rxc2 17. b3 1/2-1/2

[Event "Landesklasse West 2014/2015"]
[Site "?"]
[Date "2014.12.21"]
[Round "5"]
[White "Krannich, Steffen"]
[Black "Roth, Ralf"]
[Result "1/2-1/2"]
[WhiteElo "1810"]
[BlackElo "1797"]
[PlyCount "22"]
[EventDate "2014.??.??"]
[WhiteTeam "SV Schmalkalden 04"]
[BlackTeam "Randspringer Bad Salzungen"]

1. d4 d5 2. Nf3 c6 3. g3 e6 4. c4 Nf6 5. Bg2 Be7 6. O-O O-O 7. Qc2 Ne4 8. Nbd2
f5 9. Ne5 Nd7 10. Ndf3 g5 11. Nd3 h5 1/2-1/2

[Event "Landesklasse West 2014/2015"]
[Site "?"]
[Date "2014.12.21"]
[Round "5"]
[White "Feldmann, Bernd"]
[Black "Burkhardt, Christian"]
[Result "1-0"]
[WhiteElo "1828"]
[BlackElo "1667"]
[PlyCount "83"]
[EventDate "2014.??.??"]
[WhiteTeam "Randspringer Bad Salzungen"]
[BlackTeam "SV Schmalkalden 04"]

1. d4 d5 2. Nf3 Nf6 3. Bg5 e6 4. c3 c5 5. e3 Be7 6. Nbd2 O-O 7. Bd3 Nc6 8. Qe2
Nd7 9. Bf4 f6 10. e4 Qb6 11. exd5 exd5 12. Qe6+ Kh8 13. Qh3 f5 14. Bxf5 Rxf5
15. Qxf5 Nde5 16. Qc2 Nxf3+ 17. Nxf3 cxd4 18. O-O dxc3 19. bxc3 Bf6 20. Rfe1
Bg4 21. Ne5 Nxe5 22. Bxe5 Bg5 23. Bd4 Qc6 24. h3 Bh5 25. Qb3 Bf7 26. Rab1 b6
27. Rb2 Rc8 28. Qb5 Qxb5 29. Rxb5 Kg8 30. Re2 Rc4 31. Rbb2 Kf8 32. g3 Rc6 33.
a4 Be7 34. a5 Bd8 35. axb6 axb6 36. Ra2 Rc8 37. Ra6 Rb8 38. Be5 Rc8 39. Ra7 b5
40. Rb7 Be8 41. Bd6+ Kg8 42. Rxe8# 1-0

[Event "Landesklasse West 2014/2015"]
[Site "?"]
[Date "2014.12.21"]
[Round "5"]
[White "Klein, Matthias"]
[Black "Kunze, Heinz"]
[Result "1/2-1/2"]
[WhiteElo "1753"]
[BlackElo "1667"]
[PlyCount "25"]
[EventDate "2014.??.??"]
[WhiteTeam "SV Schmalkalden 04"]
[BlackTeam "Randspringer Bad Salzungen"]

1. Nf3 Nf6 2. g3 d6 3. Bg2 e5 4. d3 Nc6 5. O-O Be7 6. c4 O-O 7. Nc3 Bd7 8. a3
Qc8 9. b4 Bh3 10. Bg5 Bxg2 11. Kxg2 Re8 12. e4 Ng4 13. Bxe7 1/2-1/2